Top 50 Strongest Militaries - Statistics

General Stats
  • This quiz has been taken 93 times
    20 since last reset
  • The average score is 48 of 50
Answer Stats
Rank Military % Correct
32 Argentina
100%
17 Australia
100%
11 Brazil
100%
28 Canada
100%
49 Chile
100%
3 China
100%
43 Colombia
100%
45 Denmark
100%
19 Egypt
100%
47 Ethiopia
100%
6 France
100%
4 India
100%
13 Indonesia
100%
16 Iran
100%
44 Iraq
100%
15 Israel
100%
10 Italy
100%
7 Japan
100%
36 Mexico
100%
34 Netherlands
100%
31 North Korea
100%
39 Norway
100%
14 Pakistan
100%
50 Peru
100%
21 Poland
100%
2 Russia
100%
40 South Africa
100%
5 South Korea
100%
18 Spain
100%
26 Sweden
100%
46 Switzerland
100%
22 Taiwan
100%
24 Thailand
100%
20 Ukraine
100%
8 United Kingdom
100%
1 United States
100%
23 Vietnam
100%
27 Algeria
91%
37 Bangladesh
91%
12 Germany
91%
42 Malaysia
91%
41 Philippines
91%
38 Portugal
91%
25 Saudi Arabia
91%
9 Turkey
91%
48 Finland
82%
30 Greece
82%
35 Myanmar
82%
33 Nigeria
82%
29 Singapore
73%
No matching quizzes found
Score Distribution
Percent of People with Each Score
Percentile by Number Answered
Your Score History
You have not taken this quiz since the last reset